000 00440nam a22001577a 4500
005 20251108165200.0
008 250721s1990 xx 000 0 ara d
082 1 4 _a581/عبد
100 1 _aجرادات، عبد الله
245 1 0 _aمدخل إلى علم النبات /
264 1 _aإربد :
_bقدسية للنشر و التوزيع،
_c1990.
300 _a235ص
650 1 7 _aالنبات
942 _2ddc
_cBK
999 _c21503
_d21503